Pays de plus de 100 millions d'habitants - Mort subite - Statistiques

Statistiques générales
  • Ce quiz a été pris 436 fois
    80 depuis la dernière actualisation
  • Le résultat moyen est 9 sur 16
Answers on the Grid
Answers color-coded by a green-red scale on the quiz's grid according to % correct below.
Afghanistan
Algérie
Argentine
Bangladesh
Brésil
Chine
Colombie
Philippines
Corée du Sud
Égypte
Éthiopie
France
Allemagne
Japon
Inde
Indonésie
Iran
Irak
Italie
Kenya
Mexique
Myanmar
Nigéria
Pakistan
Royaume-Uni
République démocratique du Congo
Russie
Espagne
États-Unis
Sudafrica
Soudan
Tanzanie
Thaïlande
Turquie
Ouganda
Viêt Nam
 
Statistiques - réponses
Réponse % Correct
États-Unis
78%
Brésil
69%
Chine
67%
Inde
67%
Russie
65%
Indonésie
58%
Mexique
55%
Nigéria
55%
Pakistan
53%
Japon
51%
Bangladesh
49%
République démocratique du Congo
47%
Philippines
44%
Égypte
40%
Éthiopie
29%
Viêt Nam
27%
Aucun quiz correspondant
Distribution des résultats
% des personnes avec chaque résultat
Percentile par nombre de réponses
Votre historique - résultats
Vous n’avez pas pris ce quiz depuis la dernière actualisation